Historic maps of Armenia : (Record no. 475330)
[ view plain ]
| 000 -LEADER | |
|---|---|
| fixed length control field | 01043nam a2200265 a 4500 |
| 001 - CONTROL NUMBER | |
| control field | 000446644 |
| 003 - CONTROL NUMBER IDENTIFIER | |
| control field | AM-YeHGA |
| 005 - DATE AND TIME OF LATEST TRANSACTION | |
| control field | 20250617161653.0 |
| 008 - FIXED-LENGTH DATA ELEMENTS--GENERAL INFORMATION | |
| fixed length control field | 040412s2004 nyuab gr|||||||||0|eng|d |
| 020 ## - INTERNATIONAL STANDARD BOOK NUMBER | |
| International Standard Book Number | 1860649793 |
| 040 ## - CATALOGING SOURCE | |
| Original cataloging agency | AM-YeHGA |
| 041 0# - LANGUAGE CODE | |
| Language code of text/sound track or separate title | eng |
| 090 ## - LOCALLY ASSIGNED LC-TYPE CALL NUMBER (OCLC); LOCAL CALL NUMBER (RLIN) | |
| -- | 478620 |
| 100 1# - MAIN ENTRY--PERSONAL NAME | |
| Personal name | Գալչյան, Ռուբեն Արամի, |
| Dates associated with a name | 1938- |
| 245 10 - TITLE STATEMENT | |
| Title | Historic maps of Armenia : |
| Remainder of title | the cartographic heritage [Atlas] / |
| Statement of responsibility, etc. | by Rouben Galichian ; preface by J. Walker. |
| 260 ## - PUBLICATION, DISTRIBUTION, ETC. | |
| Place of publication, distribution, etc. | New York, N.Y. : |
| Name of publisher, distributor, etc. | I.B. Tauris & Co. Ltd, |
| Date of publication, distribution, etc. | 2004. |
| 300 ## - PHYSICAL DESCRIPTION | |
| Extent | 232 p. : |
| Other physical details | ill., maps ; |
| Dimensions | 29 cm. |
| 500 ## - GENERAL NOTE | |
| General note | Includes index. |
| 500 ## - GENERAL NOTE | |
| General note | Includes glossary of frequently used geographical names, list of maps and their descriptions. |
| 505 2# - FORMATTED CONTENTS NOTE | |
| Formatted contents note | Credits and acknowledgements--Preface--Historical note--A brief history of maps of Armenia. |
| 651 #0 - SUBJECT ADDED ENTRY--GEOGRAPHIC NAME | |
| Geographic name | Armenia |
| General subdivision | Historical geography |
| -- | Maps. |
| 700 1# - ADDED ENTRY--PERSONAL NAME | |
| Personal name | Walker, J. |
| 856 41 - ELECTRONIC LOCATION AND ACCESS | |
| Uniform Resource Identifier | <a href="https://arar.sci.am/dlibra/publication/390143/edition/360877/content">https://arar.sci.am/dlibra/publication/390143/edition/360877/content</a> |
| Link text | Կարդալ առցանց |
| 942 ## - ADDED ENTRY ELEMENTS (KOHA) | |
| Source of classification or shelving scheme | Universal Decimal Classification |
| Koha item type | Գրքեր / Books |
| Withdrawn status | Lost status | Source of classification or shelving scheme | Damaged status | Not for loan | Collection | Home library | Current library | Date acquired | Total checkouts | Full call number | Barcode | Date last seen | Price effective from | Koha item type | Public note |
|---|---|---|---|---|---|---|---|---|---|---|---|---|---|---|---|
| Universal Decimal Classification | Fundamental Scientific Library | Fundamental Scientific Library | 11/09/2018 | И /16080 | FL0522036 | 11/09/2018 | 11/09/2018 | Գրքեր / Books | ILL Non-Circ |
ՀՀ Գիտությունների ազգային ակադեմիայի հիմնարար գիտական գրադարան = Fundamental Scientific Library of NAS RA
All site content, except where otherwise noted, is licensed under a